| 000 | 00722nam a22002297a 4500 | ||
|---|---|---|---|
| 005 | 20170124110240.0 | ||
| 010 | _a940616 | ||
| 020 | _c25.00 | ||
| 035 | _a940616 | ||
| 037 | _bCen Lib/Ret | ||
| 040 |
_aDPL _bEN |
||
| 082 |
_a709.54 _bAGA |
||
| 100 |
_aAgarwal, Vasudeva S. _994368 |
||
| 245 |
_aThe heritage of Indian art / _cby Vasudeva S. Agarwal |
||
| 246 | _b | ||
| 260 |
_aNew Delhi _bPublication Division, Ministry of Information and Broadcasting _c1976 |
||
| 270 |
_bNew Delhi _apatiyala house _e11001 |
||
| 300 |
_a186p. : _c24cm(Hb) _bill. |
||
| 650 |
_aArchitecture -- Indian heritage _994369 |
||
| 650 |
_aSculpture -- Indian culture _994370 |
||
| 942 |
_2ddc _cEN _h709.54 _mAGA |
||
| 999 |
_c135094 _d135094 |
||